| 000 | 01146nam a2200289 a 4500 | ||
|---|---|---|---|
| 001 | |||
| 003 | DO-SdBNP | ||
| 005 | 20211011091946.0 | ||
| 008 | 110117s 2009 dr a 000 0 spa d | ||
| 020 | _z97809450017785 | ||
| 040 |
_aDO-SdBNP _bspa _cBPMSU |
||
| 082 | 4 |
_a378.7293 _bG633c 2009 _222 |
|
| 100 | 1 | _aGómez Gutiérrez, Sergia Antonia | |
| 245 | 1 | 0 |
_aCercos y ocupación en la UASD / _cSergia Antonia Gómez Gutiérrez, Juan Francisco Martínez Almánzar. |
| 260 |
_aSanto Domingo : _b9 de octubre, _c2009. |
||
| 300 |
_aiii, 274 p. : _bil. ; _c22 cm. |
||
| 500 | _aIncluye datos biográficos de los autores en las solapas | ||
| 504 | _aIncluye referencias bibliográficas y notas al pie de páginas. | ||
| 590 | _aInventariado, 2021/V | ||
| 610 | 2 | 4 |
_aUniversidad Autónoma de Santo Domingo _xHistoria |
| 650 | 1 | 4 |
_aUniversidades _zRepública Dominicana _xHistoria _vEnsayos, conferencias, etc. |
| 650 | 4 |
_aEstudiantes universitarios _xActividad política _zRepública Dominicana |
|
| 651 | 4 |
_aRepública Dominicana _xPresidente(1986-1990: |
|
| 700 | 1 | _aMartínez Almánzar, Juan Francisco | |
| 910 | _aVMateo V. | ||
| 942 |
_2ddc _cBK |
||
| 999 |
_c13780 _d13780 |
||